Fr. Conceicao Rodrigues College of Engineering

Teach Yourself Data base Prog with Visual Basics 5 in 21 days (Record no. 21545)

MARC details
000 -LEADER
fixed length control field 00346nam a2200145Ia 4500
100 ## - MAIN ENTRY--PERSONAL NAME
Personal name Amundsen Micheal/ Smith/Curtis
250 ## - EDITION STATEMENT
Edition statement 2
245 ## - TITLE STATEMENT
Title Teach Yourself Data base Prog with Visual Basics 5 in 21 days
260 ## - PUBLICATION, DISTRIBUTION, ETC.
Name of publisher, distributor, etc. Techmedia
Place of publication, distribution, etc. NONE
Date of publication, distribution, etc. 1997
300 ## - PHYSICAL DESCRIPTION
Extent 1041
546 ## - LANGUAGE NOTE
Language note ENGLISH
654 ## - SUBJECT ADDED ENTRY--FACETED TOPICAL TERMS
Focus term computer
942 ## - ADDED ENTRY ELEMENTS (KOHA)
Koha item type BOOK
Holdings
Withdrawn status Lost status Damaged status Not for loan Collection Home library Current library Date acquired Total Checkouts Full call number Barcode Date last seen Price effective from Koha item type
        CRC Fr. Agnel's C.Rodrigues College of Engineering Fr. Agnel's C.Rodrigues College of Engineering 17/03/2023   10068 17/03/2023 17/03/2023 BOOK
        CRC Fr. Agnel's C.Rodrigues College of Engineering Fr. Agnel's C.Rodrigues College of Engineering 17/03/2023   10069 17/03/2023 17/03/2023 BOOK